Top 10 Kriminälsten Hauptstädte Europas - Statistiken

Allgemein
  • Dieses Quiz wurde 337 mal gespielt
  • Das Durchschnittsergebnis liegt bei 7 aus 10
Antwortstatistiken
Hint Antwort % Korrekt
7 Rom
84%
5 Budapest
75%
10 bukarest
75%
6 Madrid
75%
3 Athen
73%
4 Sofia
66%
9 Zagreb
65%
2 Belgrad
60%
1 Kiew
55%
8 Riga
35%
Keine übereinstimmenden Quizze gefunden
Verteilung der Resultate
Anzahl Personen mit jedem Resultat
Perzentil nach korrekt beantworteten Fragen
Ihre Resultats-Entwicklung
Sie haben dieses Quiz noch nicht gespielt